Question Bank in Electrical and Electronics Engineering (Record no. 1018)

MARC details
000 -LEADER
fixed length control field 00355nam a2200133Ia 4500
008 - FIXED-LENGTH DATA ELEMENTS--GENERAL INFORMATION
fixed length control field 191201s2005 xx 000 0 und d
082 ## - DEWEY DECIMAL CLASSIFICATION NUMBER
Classification number 621
Item number RAQ
100 ## - MAIN ENTRY--PERSONAL NAME
Personal name RAI, Harish C
245 #0 - TITLE STATEMENT
Title Question Bank in Electrical and Electronics Engineering
260 ## - PUBLICATION, DISTRIBUTION, ETC. (IMPRINT)
Place of publication, distribution, etc N.Delhi
Name of publisher, distributor, etc Galgatia Pub. Pvt
Date of publication, distribution, etc 2005
300 ## - PHYSICAL DESCRIPTION
Extent 1098
650 ## - SUBJECT ADDED ENTRY--TOPICAL TERM
Topical term or geographic name as entry element B.Tech(ECE)
942 ## - ADDED ENTRY ELEMENTS (KOHA)
Source of classification or shelving scheme Dewey Decimal Classification
Koha item type Text Books
Holdings
Withdrawn status Lost status Source of classification or shelving scheme Damaged status Not for loan Collection code Home library Current library Date acquired Source of acquisition Cost, normal purchase price Bill Number Total Checkouts Full call number Acc. no. / Barcode Date last seen Bill Date Koha item type Public note
    Dewey Decimal Classification     GENERAL PIET C-LIBRARY PIET C-LIBRARY 10/08/2006 UDH, Delhi 325.00 CM 4732   621 RAQ 1100 04/12/2019 22/08/2005 Text Books Competition

Design & Developed by: PIET Central Library
R70 Miles Stone Pattikalyana Samalkha Panipat 132102
mail ID :- [email protected], Phone No:- 0180-2569700 Ex.216